UK media and media management during the 2003 invasion of Iraq (Record no. 81028)

000 -LEADER
fixed length control field 00477pab a2200193 454500
008 - FIXED-LENGTH DATA ELEMENTS--GENERAL INFORMATION
fixed length control field 180718b2009 xxu||||| |||| 00| 0 eng d
100 ## - MAIN ENTRY--PERSONAL NAME
Personal name Robinson, Piers
245 ## - TITLE STATEMENT
Title UK media and media management during the 2003 invasion of Iraq
260 ## - PUBLICATION, DISTRIBUTION, ETC.
Date of publication, distribution, etc. 2009
300 ## - PHYSICAL DESCRIPTION
Extent p.678-88.
362 ## - DATES OF PUBLICATION AND/OR SEQUENTIAL DESIGNATION
Dates of publication and/or sequential designation Jan
650 ## - SUBJECT ADDED ENTRY--TOPICAL TERM
Topical term or geographic name entry element War
650 ## - SUBJECT ADDED ENTRY--TOPICAL TERM
Topical term or geographic name entry element Mass media
700 ## - ADDED ENTRY--PERSONAL NAME
Personal name Parry, Katy
700 ## - ADDED ENTRY--PERSONAL NAME
Personal name Goddard, Peter
773 ## - HOST ITEM ENTRY
Main entry heading American Behavioral Scientist
908 ## - PUT COMMAND PARAMETER (RLIN)
Put command parameter N
909 ## -
-- 81028
Holdings
Withdrawn status Lost status Damaged status Not for loan Permanent Location Current Location Date acquired Serial Enumeration / chronology Barcode Date last seen Price effective from Koha item type
        Indian Institute of Public Administration Indian Institute of Public Administration 2018-07-19 Volume no: 52, Issue no: 5 AR81488 2018-07-19 2018-07-19 Articles

Powered by Koha